A.M.A. Azeez: (Record no. 4722)

MARC details
000 -LEADER
fixed length control field 00653nam a22002297a 4500
003 - CONTROL NUMBER IDENTIFIER
control field LK-CoMWRAF
005 - DATE AND TIME OF LATEST TRANSACTION
control field 20240203122347.0
008 - FIXED-LENGTH DATA ELEMENTS--GENERAL INFORMATION
fixed length control field 240203b2008 |||||||| |||| 00| 0 eng d
020 ## - INTERNATIONAL STANDARD BOOK NUMBER
International Standard Book Number 9789559669449
040 ## - CATALOGING SOURCE
Original cataloging agency LK-CoMWRAF
Modifying agency LK-CoMWRAF
Description conventions LK-CoMWRAF
041 ## - LANGUAGE CODE
Language code of text/sound track or separate title English
082 ## - DEWEY DECIMAL CLASSIFICATION NUMBER
Classification number 320.954
Item number ABO
942 ## - ADDED ENTRY ELEMENTS (KOHA)
Koha item type Books
100 ## - MAIN ENTRY--PERSONAL NAME
Personal name AZEEZ, A.M.A.
700 ## - ADDED ENTRY--PERSONAL NAME
Personal name Jameel, S.H.M.
Relator Term compiler
-- editor
700 ## - ADDED ENTRY--PERSONAL NAME
Personal name Azeez, M. Ali
Relator Term compiler
-- editor
245 ## - TITLE STATEMENT
Title A.M.A. Azeez:
Remainder of title Senate speeches
260 ## - PUBLICATION, DISTRIBUTION, ETC. (IMPRINT)
Place of publication, distribution, etc. Colombo:
Name of publisher, distributor, etc. Dr. A.M.A. Azeez foundation,
Date of publication, distribution, etc. 2008
300 ## - PHYSICAL DESCRIPTION
Extent xx., 500 p. portraits
650 ## - SUBJECT ADDED ENTRY--TOPICAL TERM
Topical term or geographic name as entry element EDUCATIONIST-Sri Lanka
650 ## - SUBJECT ADDED ENTRY--TOPICAL TERM
Topical term or geographic name as entry element Political speeches-Sri Lanka
Holdings
Withdrawn status Lost status Damaged status Not for loan Permanent Location Current Location Date acquired Full call number Barcode Koha item type
        Resource center, Muslim Women's Research And Action Forum Resource center, Muslim Women's Research And Action Forum 2024-02-03 320.954 AZE RAF4932 Books
        Resource center, Muslim Women's Research And Action Forum Resource center, Muslim Women's Research And Action Forum 2024-02-03 320.954 AZE RAF4933 Books

Copyright © 2023 Muslim Women's Research and Action Forum (MWRAF), No 27/3, Anderson Road, Kalubowila, Dehiwela. Funded by The Asia Fundation